[Event "Noisiel op 9th"]
[Site "Noisiel"]
[Date "2024.04.09"]
[Round "5"]
[White "Charmeteau, Sven"]
[Black "Sivuk, Vitaly"]
[Result "1-0"]
[WhiteElo "2297"]
[BlackElo "2551"]
[PlyCount "107"]
[EventDate "2024.04.06"]
[EventType "swiss"]
[EventRounds "9"]
[EventCountry "FRA"]
[SourceTitle "CB16_2024"]
[SourceDate "2024.04.17"]
[SourceVersion "1"]
[SourceVersionDate "2024.04.17"]
[SourceQuality "1"]

1. e4 e5 2. Nf3 Nc6 3. Bb5 a6 4. Ba4 Nf6 5. 0-0 Be7 6. Re1 b5 7. Bb3 0-0 8. a4 Bb7 9. d3 d6 10. Nc3 Na5 11. Ba2 b4 12. Ne2 Rb8 13. Ng3 c5 14. Nf5 Bc8 15. Nxe7+ Qxe7 16. Bg5 h6 17. Bh4 Bg4 18. Qd2 Bxf3 19. gxf3 Kh8 20. Bxf6 Qxf6 21. Bd5 Qxf3 22. Qe3 Qxe3 23. fxe3 g6 24. h4 Kg7 25. h5 Rbc8 26. Rf1 Rc7 27. Rf2 g5 28. Raf1 f6 29. Bc4 Rc6 30. Bd5 Rc7 31. Bc4 Ra7 32. Ra1 Nc6 33. a5 Ne7 34. Be6 Raa8 35. Kg2 d5 36. exd5 Rad8 37. e4 f5 38. Raf1 f4 39. Ra1 Rb8 40. Kf3 Kf6 41. Ra4 Nc6 42. c3 Ke7 43. Bh3 bxc3 44. dxc6 cxb2 45. Rxb2 Rxb2 46. c7 Rb3 47. c8Q Rxd3+ 48. Ke2 Re3+ 49. Kf2 Rxc8 50. Bxc8 Kd8 51. Bxa6 g4 52. Bf1 g3+ 53. Kg2 Re1 54. a6 1-0

[Event "Noisiel op 9th"]
[Site "Noisiel"]
[Date "2024.04.09"]
[Round "6"]
[White "Harikrishnan, A Ra"]
[Black "Charmeteau, Sven"]
[Result "1-0"]
[WhiteElo "2461"]
[BlackElo "2297"]
[PlyCount "43"]
[EventDate "2024.04.06"]
[EventType "swiss"]
[EventRounds "9"]
[EventCountry "FRA"]
[SourceTitle "CB16_2024"]
[SourceDate "2024.04.17"]
[SourceVersion "1"]
[SourceVersionDate "2024.04.17"]
[SourceQuality "1"]

1. Nf3 Nf6 2. g3 g6 3. b3 Bg7 4. Bb2 d5 5. c4 dxc4 6. bxc4 c5 7. Bg2 0-0 8. 0-0 Nc6 9. Ne5 Nxe5 10. Bxe5 h5 11. h4 Ng4 12. Bxg7 Kxg7 13. d3 g5 14. Qc1 f6 15. hxg5 h4 16. gxf6+ Rxf6 17. Qg5+ Rg6 18. Qxh4 Bf5 19. Nc3 Qd7 20. Rab1 Rb8 21. Nd5 Nf6 22. Qf4 1-0

[Event "Clichy Rapid op"]
[Site "Clichy"]
[Date "2023.07.09"]
[Round "6"]
[White "Vekemans, Sylvain"]
[Black "Charmeteau, Sven"]
[Result "0-1"]
[WhiteElo "1932"]
[BlackElo "2293"]
[PlyCount "79"]
[EventDate "2023.07.09"]
[EventType "swiss (rapid)"]
[EventRounds "9"]
[EventCountry "FRA"]
[SourceTitle "CBM 215 Extra"]
[Source "ChessBase"]
[SourceDate "2023.09.30"]
[SourceVersion "1"]
[SourceVersionDate "2023.09.30"]
[SourceQuality "1"]

1. c4 e5 2. Nc3 Nf6 3. g3 d5 4. cxd5 Nxd5 5. Bg2 Nb6 6. Nf3 Nc6 7. 0-0 Be7 8. a3 Be6 9. b4 a5 10. b5 Nd4 11. Nxd4 exd4 12. Na4 Nd5 13. Bb2 c5 14. bxc6 b5 15. Bxd4 bxa4 16. Bxg7 Rg8 17. Be5 f6 18. Bb2 Qb6 19. Rb1 Qxc6 20. e4 Nf4 21. gxf4 Qxe4 22. Qh5+ Bf7 23. Qh3 Bd5 24. f3 Qd3 25. Rbe1 Kd8 26. Kh1 Ra6 27. Rc1 Be6 28. f5 Bxf5 29. Qh4 Qb3 30. Ba1 Rd6 31. Rc3 Qe6 32. Qxa4 Rxg2 33. Qxa5+ Ke8 34. Re3 Rdxd2 35. Qb5+ Kf7 36. Be5 fxe5 37. Rfe1 Rxh2+ 38. Kg1 Rdg2+ 39. Kf1 Bh3 40. Qe8+ 0-1

[Event "FRA-ch Blitz"]
[Site "Asnieres sur Seine"]
[Date "2023.06.24"]
[Round "5"]
[White "Bacrot, Etienne"]
[Black "Charmeteau, Sven"]
[Result "1-0"]
[WhiteElo "2672"]
[BlackElo "2293"]
[PlyCount "57"]
[EventDate "2023.06.24"]
[EventType "swiss (blitz)"]
[EventRounds "13"]
[EventCountry "FRA"]
[SourceTitle "CBM 214 Extra"]
[Source "ChessBase"]
[SourceDate "2023.07.31"]
[SourceVersion "1"]
[SourceVersionDate "2023.07.31"]
[SourceQuality "1"]

1. e4 c5 2. Nf3 Nc6 3. Bb5 e6 4. 0-0 Nge7 5. Re1 a6 6. Bf1 d5 7. exd5 Nxd5 8. d4 Be7 9. dxc5 0-0 10. c4 Nf6 11. a3 a5 12. Nc3 Bxc5 13. Bg5 Be7 14. Nb5 b6 15. Qc2 Nd7 16. Bf4 Bb7 17. Rad1 Qc8 18. Ng5 g6 19. Nd6 Qb8 20. Qc3 e5 21. Ndxf7 Rxf7 22. Nxf7 Kxf7 23. Rxd7 exf4 24. c5 Bc8 25. Bc4+ Ke8 26. Rdxe7+ Nxe7 27. Qh8+ Kd7 28. Bb5+ Nc6 29. Qe8+ 1-0

[Event "Paris-ch IdF"]
[Site "Paris"]
[Date "2022.07.17"]
[Round "9"]
[White "Dauletova, Gulmira"]
[Black "Charmeteau, Sven"]
[Result "1-0"]
[WhiteElo "2235"]
[BlackElo "2310"]
[PlyCount "101"]
[EventDate "2022.07.12"]
[EventType "swiss"]
[EventRounds "9"]
[EventCountry "FRA"]
[SourceTitle "CBM 209 Extra"]
[Source "ChessBase"]
[SourceDate "2022.09.30"]
[SourceVersion "1"]
[SourceVersionDate "2022.09.30"]
[SourceQuality "1"]

1. e4 c5 2. Nf3 Nc6 3. d4 cxd4 4. Nxd4 e5 5. Nb5 d6 6. N1c3 a6 7. Na3 Be7 8. Nc4 b5 9. Ne3 Nf6 10. Bd3 0-0 11. 0-0 Qd7 12. a4 b4 13. Ncd5 Bd8 14. c3 Rb8 15. Bd2 bxc3 16. Bxc3 Nxd5 17. Nxd5 Ne7 18. Bc4 Nxd5 19. Qxd5 Bb6 20. Rfd1 Rd8 21. Qd3 Qa7 22. Rd2 Bb7 23. a5 Bd4 24. Bxd4 exd4 25. Qxd4 Qxd4 26. Rxd4 Bxe4 27. Bxa6 Bc6 28. b4 Bb5 29. Bxb5 Rxb5 30. Kf1 Kf8 31. Ke2 Rdb8 32. Ra4 Ke7 33. Kd3 g5 34. f4 g4 35. g3 d5 36. Kc3 Kd6 37. Ra2 f6 38. Kb3 h5 39. Ka4 R5b7 40. Rad2 Ke6 41. Re2+ Kf7 42. Rc2 Kg6 43. Rc5 Re7 44. Rcxd5 Re2 45. Rd2 Re1 46. Rd1 Re2 47. R5d2 Re4 48. Rd4 Re2 49. R1d2 Re1 50. Ra2 h4 51. gxh4 1-0

[Event "DSOL 01 Liga Gr-A 1st"]
[Site "Playchess.com INT"]
[Date "2020.07.22"]
[Round "5.3"]
[White "Lindam, Ingo"]
[Black "Charmeteau, Sven"]
[Result "1-0"]
[WhiteElo "2155"]
[BlackElo "2348"]
[PlyCount "97"]
[EventDate "2020.06.22"]
[EventType "team-tourn (rapid)"]
[EventCountry "GER"]
[SourceTitle "EXT 2021"]
[Source "ChessBase"]
[SourceDate "2020.10.23"]
[SourceVersion "1"]
[SourceVersionDate "2020.10.23"]
[SourceQuality "1"]
[WhiteTeam "Koeln Lasker"]
[BlackTeam "Werder Bremen"]
[WhiteTeamCountry "GER"]
[BlackTeamCountry "GER"]

1. d4 Nf6 2. Bg5 e6 3. Nd2 h6 4. Bh4 d5 5. e3 Nbd7 6. Ngf3 Be7 7. Bd3 b6 8. c3 Bb7 9. Qe2 Ne4 10. Bg3 h5 11. h4 Nxg3 12. fxg3 c5 13. 0-0 Qc7 14. Bb5 Bc6 15. Bxc6 Qxc6 16. e4 dxe4 17. Nxe4 Nf6 18. Neg5 cxd4 19. cxd4 Qd5 20. Rac1 Bd6 21. Qd3 Rd8 22. Nd2 Be5 23. Nxe6 Bxd4+ 24. Nxd4 Qxd4+ 25. Qxd4 Rxd4 26. Nf3 Rd5 27. Rfe1+ Kd8 28. Ne5 Rf8 29. Nc6+ Kd7 30. Ne5+ Kd6 31. Rc6+ Ke7 32. Rc7+ Kd6 33. Rc6+ Ke7 34. Ng6+ Kd7 35. Rxf6 gxf6 36. Nxf8+ Kd6 37. Re8 Rd1+ 38. Kh2 Ra1 39. a3 Ra2 40. Re2 a5 41. Nh7 f5 42. Nf6 b5 43. Nxh5 a4 44. Ng7 b4 45. Nxf5+ Kd5 46. Ne7+ Kd6 47. Nf5+ Kd5 48. Ne3+ Kd6 49. axb4 1-0

[Event "GER CupT 1920 prel4"]
[Site "Hamburg"]
[Date "2020.01.12"]
[Round "2.2"]
[White "Charmeteau, Sven"]
[Black "Jansen, Andreas"]
[Result "1/2-1/2"]
[WhiteElo "2349"]
[BlackElo "2022"]
[PlyCount "98"]
[EventDate "2020.01.11"]
[EventType "team-k.o."]
[EventRounds "2"]
[EventCountry "GER"]
[SourceTitle "EXT 2021"]
[Source "ChessBase"]
[SourceDate "2020.10.23"]
[SourceVersion "1"]
[SourceVersionDate "2020.10.23"]
[SourceQuality "1"]
[WhiteTeam "Werder Bremen"]
[BlackTeam "Graal Mueritz"]
[WhiteTeamCountry "GER"]
[BlackTeamCountry "GER"]

1. e4 g6 2. d4 d6 3. Nc3 Bg7 4. f4 c6 5. Be3 Qc7 6. h3 Nd7 7. Nf3 b5 8. Bd3 a6 9. Ne2 Ngf6 10. 0-0 c5 11. c3 c4 12. Bc2 Bb7 13. Ng3 d5 14. e5 Ne4 15. Nxe4 dxe4 16. Ng5 f5 17. Ne6 Qb6 18. Nxg7+ Kf8 19. Nxf5 gxf5 20. Qh5 Qg6 21. Qxg6 hxg6 22. Kf2 Bd5 23. Rh1 Kf7 24. h4 a5 25. a3 a4 26. g4 e6 27. h5 Nf8 28. Rag1 Rd8 29. Bd1 Kg7 30. Rh3 Re8 31. Bd2 Rh7 32. Be2 Re7 33. Ke3 Kg8 34. Be1 Reg7 35. Rhg3 Bc6 36. hxg6 Rh6 37. gxf5 exf5 38. Rg5 Rhxg6 39. Bh4 Rxg5 40. Rxg5 Rxg5 41. Bxg5 Ne6 42. Bh5 Nc7 43. d5 Bxd5 44. Bg6 Be6 45. Bh6 Bd7 46. Kd4 Ne6+ 47. Kd5 e3 48. Bh5 Be8 49. Bd1 Bf7 1/2-1/2

[Event "GER CupT 1920 prel4"]
[Site "Hamburg"]
[Date "2020.01.11"]
[Round "1.2"]
[White "Charmeteau, Sven"]
[Black "Wenzel, Birger"]
[Result "1/2-1/2"]
[WhiteElo "2349"]
[BlackElo "2055"]
[PlyCount "144"]
[EventDate "2020.01.11"]
[EventType "team-k.o."]
[EventRounds "2"]
[EventCountry "GER"]
[SourceTitle "EXT 2021"]
[Source "ChessBase"]
[SourceDate "2020.10.23"]
[SourceVersion "1"]
[SourceVersionDate "2020.10.23"]
[SourceQuality "1"]
[WhiteTeam "Werder Bremen"]
[BlackTeam "Johanneum Eppendorf"]
[WhiteTeamCountry "GER"]
[BlackTeamCountry "GER"]

1. e4 d6 2. d4 Nf6 3. Nc3 e5 4. Nf3 Nbd7 5. Bc4 Be7 6. 0-0 0-0 7. Re1 c6 8. a4 exd4 9. Qxd4 Ne5 10. Be2 Re8 11. h3 Qc7 12. Bf4 Bf8 13. Bh2 b6 14. Qd2 Bb7 15. Nd4 Rad8 16. f4 Ng6 17. Bf3 Qc8 18. Qf2 c5 19. Ndb5 a6 20. Na3 d5 21. e5 c4 22. Kh1 Bc5 23. Qf1 Ne4 24. Nxe4 dxe4 25. Bxe4 Rd2 26. Re2 Bxe4 27. Rxe4 Rf2 28. Qxc4 Nh4 29. Re2 Qa8 30. Rxf2 Bxf2 31. Qf1 Bc5 32. Bg1 Nf5 33. Kh2 Bxg1+ 34. Kxg1 Qe4 35. c3 Qxa4 36. Nc4 Qc2 37. Qf2 Qd3 38. Nxb6 Rd8 39. Na4 Ne3 40. Nc5 Qd1+ 41. Qe1 Qd2 42. Qxd2 Rxd2 43. b4 Nxg2 44. b5 Nh4 45. Rf1 axb5 46. Rf2 Rd5 47. Ra2 h6 48. Ne4 Kh7 49. Kf2 Rd3 50. Ra5 Rxh3 51. Rxb5 Rf3+ 52. Ke2 Rxf4 53. Ke3 Ng2+ 54. Kd3 Kg6 55. Rb2 Nh4 56. Nd6 Rf1 57. Re2 Rf3+ 58. Kd4 Rf1 59. Kd5 Kg5 60. c4 Ng6 61. Kc6 Nf4 62. Rc2 Ne6 63. Kd7 Nc5+ 64. Ke7 f6 65. Nf7+ Kf5 66. Re2 Ra1 67. Nd6+ Kf4 68. exf6 Ra7+ 69. Ke8 gxf6 70. Rf2+ Ke5 71. Nf7+ Kd4 72. Rxf6 Kxc4 1/2-1/2

[Event "FRA-chT Top 12"]
[Site "Brest"]
[Date "2019.05.26"]
[Round "9.6"]
[White "Charmeteau, Sven"]
[Black "Cornette, Matthieu"]
[Result "0-1"]
[WhiteElo "2292"]
[BlackElo "2553"]
[PlyCount "60"]
[EventDate "2019.05.18"]
[EventType "team-tourn"]
[EventRounds "11"]
[EventCountry "FRA"]
[SourceTitle "CBM 190 Extra"]
[Source "ChessBase"]
[SourceDate "2019.07.15"]
[SourceVersion "1"]
[SourceVersionDate "2019.07.15"]
[SourceQuality "1"]
[WhiteTeam "Gonfreville"]
[BlackTeam "Asnieres"]
[WhiteTeamCountry "FRA"]
[BlackTeamCountry "FRA"]

1. e4 Nf6 2. e5 Nd5 3. d4 d6 4. c4 Nb6 5. exd6 cxd6 6. Nc3 g6 7. Be3 Bg7 8. Rc1 0-0 9. b3 Bf5 10. Nf3 d5 11. c5 Nc8 12. b4 a6 13. Be2 Nc6 14. a3 Bg4 15. 0-0 e6 16. Ne1 Bxe2 17. Nxe2 N8e7 18. Nc2 Nf5 19. Qd3 Qh4 20. Rb1 Rfd8 21. Rfd1 e5 22. Ne1 Nxe3 23. fxe3 Qh6 24. b5 axb5 25. Rxb5 Re8 26. Nc2 exd4 27. exd4 Re4 28. Rxb7 Rae8 29. Ng3 Bxd4+ 30. Kh1 Qxh2+ 0-1

[Event "FRA-chT Top 12"]
[Site "Brest"]
[Date "2019.05.20"]
[Round "3.6"]
[White "Charmeteau, Sven"]
[Black "Nezar, Mustapha"]
[Result "1/2-1/2"]
[WhiteElo "2292"]
[BlackElo "2339"]
[PlyCount "66"]
[EventDate "2019.05.18"]
[EventType "team-tourn"]
[EventRounds "11"]
[EventCountry "FRA"]
[SourceTitle "CBM 190 Extra"]
[Source "ChessBase"]
[SourceDate "2019.07.15"]
[SourceVersion "1"]
[SourceVersionDate "2019.07.15"]
[SourceQuality "1"]
[WhiteTeam "Gonfreville"]
[BlackTeam "Vandoeuvre"]
[WhiteTeamCountry "FRA"]
[BlackTeamCountry "FRA"]

1. e4 c5 2. Nf3 e6 3. d4 cxd4 4. Nxd4 a6 5. Bd3 Nc6 6. Nxc6 dxc6 7. 0-0 e5 8. a4 Nf6 9. Nd2 Bc5 10. Nc4 Qe7 11. Bg5 h6 12. Bh4 0-0 13. Kh1 Qe6 14. Qe2 b5 15. Ne3 Rb8 16. Bg3 Bxe3 17. Qxe3 Nh5 18. Qc5 Nxg3+ 19. hxg3 Rd8 20. Rfd1 Qd6 21. Qc3 Bb7 22. Be2 Qe7 23. Qa5 Rbc8 24. Bg4 Rc7 25. Rxd8+ Qxd8 26. c4 bxc4 27. Qxe5 Re7 28. Qf4 Qe8 29. Bf3 c5 30. Re1 Re5 31. Kg1 Qe6 32. g4 Bc6 33. a5 Qe7 1/2-1/2

[Event "Oberliga Nord W 1819"]
[Site "Germany"]
[Date "2018.12.16"]
[Round "4.6"]
[White "Charmeteau, Sven"]
[Black "Kiselev, Alexander"]
[Result "1-0"]
[WhiteElo "2283"]
[BlackElo "2127"]
[PlyCount "59"]
[EventDate "2018.10.21"]
[EventType "team-tourn"]
[EventRounds "9"]
[EventCountry "GER"]
[SourceTitle "EXT 2020"]
[Source "ChessBase"]
[SourceDate "2019.10.17"]
[SourceVersion "1"]
[SourceVersionDate "2019.10.17"]
[SourceQuality "1"]
[WhiteTeam "Werder Bremen II"]
[BlackTeam "Hannover"]
[WhiteTeamCountry "GER"]
[BlackTeamCountry "GER"]

1. e4 d5 2. exd5 Qxd5 3. Nc3 Qd6 4. d4 Nf6 5. Nf3 a6 6. Be3 Nc6 7. Bd3 Bg4 8. h3 Bh5 9. g4 Bg6 10. Qe2 Bxd3 11. Qxd3 Nb4 12. Qe2 Nbd5 13. Nxd5 Nxd5 14. 0-0-0 b5 15. Ne5 e6 16. Qf3 f6 17. Nd3 Qc6 18. Rhe1 0-0-0 19. Bd2 Nb4 20. Qxc6 Nxc6 21. Rxe6 Nxd4 22. Rxa6 Kb7 23. Ra5 c6 24. c3 Ne2+ 25. Kc2 Bd6 26. Be3 g5 27. Ra7+ Kb8 28. Rf7 Rdf8 29. Rxf8+ Rxf8 30. Nc1 1-0

[Event "Werder Bremen"]
[Site "Bremen"]
[Date "2018.06.19"]
[Round "4"]
[White "Charmeteau, Sven"]
[Black "Skliarov, Viktor"]
[Result "1/2-1/2"]
[WhiteElo "2287"]
[BlackElo "2359"]
[PlyCount "82"]
[EventDate "2018.06.16"]
[EventType "tourn"]
[EventRounds "9"]
[EventCountry "GER"]
[EventCategory "4"]
[SourceTitle "CBM 185 Extra"]
[Source "ChessBase"]
[SourceDate "2018.07.29"]
[SourceVersion "1"]
[SourceVersionDate "2018.07.29"]
[SourceQuality "1"]

1. e4 c5 2. Nf3 Nc6 3. d4 cxd4 4. Nxd4 Nf6 5. Nc3 e5 6. Ndb5 d6 7. Bg5 a6 8. Na3 b5 9. Bxf6 gxf6 10. Nd5 f5 11. Bd3 Be6 12. c3 Bg7 13. Nxb5 axb5 14. Bxb5 Bd7 15. exf5 e4 16. Qg4 Kf8 17. Qh5 Ne5 18. Bxd7 Nxd7 19. 0-0 Nf6 20. Nxf6 Qxf6 21. Rfe1 d5 22. Rad1 Rd8 23. f3 e3 24. Rd4 Qh6 25. Qxh6 Bxh6 26. f4 Bg7 27. Rd3 d4 28. Rexe3 Bf6 29. cxd4 Rxd4 30. Rf3 Ke7 31. Rde3+ Kd6 32. Re2 Rd1+ 33. Kf2 Bd4+ 34. Kg3 Rb8 35. b3 Bf6 36. Kh3 h5 37. Re4 Rb5 38. Ra4 Bd4 39. Ra6+ Kd5 40. a4 Rb4 41. Rh6 Rb1 1/2-1/2

[Event "Werder Bremen"]
[Site "Bremen"]
[Date "2018.06.18"]
[Round "3"]
[White "Grabarczyk, Miroslaw"]
[Black "Charmeteau, Sven"]
[Result "0-1"]
[WhiteElo "2402"]
[BlackElo "2287"]
[PlyCount "164"]
[EventDate "2018.06.16"]
[EventType "tourn"]
[EventRounds "9"]
[EventCountry "GER"]
[EventCategory "4"]
[SourceTitle "CBM 185 Extra"]
[Source "ChessBase"]
[SourceDate "2018.07.29"]
[SourceVersion "1"]
[SourceVersionDate "2018.07.29"]
[SourceQuality "1"]

1. d4 Nf6 2. c4 g6 3. Nf3 Bg7 4. g3 c6 5. Bg2 d5 6. Qb3 0-0 7. 0-0 Qb6 8. Nc3 Rd8 9. Rd1 Bf5 10. Ne1 dxc4 11. Qxc4 Na6 12. e4 Be6 13. d5 cxd5 14. exd5 Bg4 15. Bf3 Rac8 16. Qe2 Bxf3 17. Nxf3 Nb4 18. Be3 Qa5 19. d6 Rxd6 20. Rxd6 exd6 21. Qb5 Qxb5 22. Nxb5 Ne4 23. Bxa7 Bxb2 24. Rb1 Rc1+ 25. Rxc1 Bxc1 26. a4 Nc6 27. Bb6 Kf8 28. Kf1 Ke7 29. Ke2 Bb2 30. Kd3 f5 31. Kc4 Bf6 32. Be3 Kd7 33. h4 Na5+ 34. Kb4 Nc6+ 35. Kc4 Ne7 36. Kd3 Nd5 37. Ba7 Ndc3 38. Nxc3 Nxc3 39. a5 Ne4 40. Kc4 Kc6 41. Nd4+ Bxd4 42. Bxd4 Nd2+ 43. Kb4 Nf3 44. Ba7 f4 45. Bb6 h5 46. Kc4 Ng1 47. Kd3 Kd5 48. gxf4 Nf3 49. Bd8 Nd4 50. Bb6 Nf5 51. Bd8 Ng7 52. Bf6 Ne6 53. Ke3 Kc4 54. Ke4 d5+ 55. Ke5 d4 56. f5 d3 57. Bg5 Nxg5 58. fxg6 Ne6 59. Kxe6 d2 60. g7 d1Q 61. Kf7 Qd5+ 62. Kf8 Qf5+ 63. Kg8 Qxa5 64. Kh8 Qc3 65. Kh7 Qd3+ 66. Kh8 Qd4 67. Kh7 Qe4+ 68. Kh8 Qd4 69. Kh7 Qd3+ 70. Kh8 Qd4 71. Kh7 Qxg7+ 72. Kxg7 Kd5 73. f4 Ke4 74. Kg6 Kxf4 75. Kxh5 b5 76. Kg6 b4 77. h5 b3 78. h6 b2 79. h7 b1Q+ 80. Kg7 Qb7+ 81. Kg8 Kf5 82. h8Q Kg6 0-1

[Event "Werder Bremen"]
[Site "Bremen"]
[Date "2018.06.17"]
[Round "2"]
[White "Charmeteau, Sven"]
[Black "Reuker, Jari"]
[Result "0-1"]
[WhiteElo "2287"]
[BlackElo "2389"]
[PlyCount "76"]
[EventDate "2018.06.16"]
[EventType "tourn"]
[EventRounds "9"]
[EventCountry "GER"]
[EventCategory "4"]
[SourceTitle "CBM 185 Extra"]
[Source "ChessBase"]
[SourceDate "2018.07.29"]
[SourceVersion "1"]
[SourceVersionDate "2018.07.29"]
[SourceQuality "1"]

1. e4 e5 2. Nf3 Nc6 3. d4 exd4 4. Nxd4 Nf6 5. Nxc6 bxc6 6. e5 Nd5 7. c4 Nb6 8. Bd3 g6 9. Nc3 Bg7 10. Bf4 0-0 11. 0-0 d5 12. exd6 Bxc3 13. bxc3 cxd6 14. Be4 d5 15. cxd5 cxd5 16. Bf3 Qf6 17. Qc1 Re8 18. Be3 Qd6 19. Bd4 Nc4 20. Qh6 Ne5 21. Rfe1 f6 22. Bd1 Bf5 23. Qh4 Re6 24. Bb3 Rae8 25. Re3 Ng4 26. Rxe6 Qxe6 27. f3 Ne5 28. Bxa7 Nd3 29. g4 Qf7 30. Bd4 g5 31. Qh6 Bg6 32. h4 Ne1 33. Rxe1 Rxe1+ 34. Kf2 Rh1 35. h5 Qe6 36. Kg2 Be4 37. Qxf6 Qxg4+ 38. Kf2 Qg1+ 0-1

[Event "BL2-Nord 1718"]
[Site "Germany"]
[Date "2017.12.10"]
[Round "4.5"]
[White "Brodowski, Piotr"]
[Black "Charmeteau, Sven"]
[Result "1-0"]
[WhiteElo "2434"]
[BlackElo "2323"]
[PlyCount "71"]
[EventDate "2017.10.08"]
[EventType "team-tourn"]
[EventRounds "9"]
[EventCountry "GER"]
[SourceTitle "CBM 183 Extra"]
[Source "ChessBase"]
[SourceDate "2018.04.19"]
[SourceVersion "1"]
[SourceVersionDate "2018.04.19"]
[SourceQuality "1"]
[WhiteTeam "Zehlendorf"]
[BlackTeam "Werder Bremen II"]
[WhiteTeamCountry "GER"]
[BlackTeamCountry "GER"]

1. c4 e5 2. Nc3 Nf6 3. g3 d5 4. cxd5 Nxd5 5. Bg2 Nb6 6. e3 Be7 7. Nge2 0-0 8. 0-0 c6 9. f4 N8d7 10. h3 f5 11. b4 Kh8 12. Rb1 a6 13. a4 Nc4 14. d3 Nd6 15. Kh1 Bf6 16. Qc2 Re8 17. e4 fxe4 18. Nxe4 Nxe4 19. dxe4 Qe7 20. Be3 a5 21. b5 cxb5 22. Nc3 Ra6 23. Nd5 Qd8 24. axb5 Rd6 25. Rfd1 g6 26. Rbc1 Bg7 27. Qc7 Qxc7 28. Rxc7 Nf6 29. Rdc1 Rdd8 30. Nb6 Bd7 31. Nxd7 Rxd7 32. Rxd7 Nxd7 33. Rc7 Nf6 34. Rxb7 Nh5 35. Bf3 Nxg3+ 36. Kg2 1-0

[Event "BL2-Nord 1718"]
[Site "Germany"]
[Date "2017.10.08"]
[Round "1.7"]
[White "Charmeteau, Sven"]
[Black "Hoi, Carsten"]
[Result "0-1"]
[WhiteElo "2323"]
[BlackElo "2349"]
[PlyCount "116"]
[EventDate "2017.10.08"]
[EventType "team-tourn"]
[EventRounds "9"]
[EventCountry "GER"]
[SourceTitle "CBM 183 Extra"]
[Source "ChessBase"]
[SourceDate "2018.04.19"]
[SourceVersion "1"]
[SourceVersionDate "2018.04.19"]
[SourceQuality "1"]
[WhiteTeam "Werder Bremen II"]
[BlackTeam "Kiel Turm"]
[WhiteTeamCountry "GER"]
[BlackTeamCountry "GER"]

1. e4 g6 2. d4 Bg7 3. Nc3 d6 4. Be3 c6 5. h3 b5 6. g3 Nd7 7. Bg2 b4 8. Nce2 Ngf6 9. e5 Nd5 10. exd6 Nxe3 11. fxe3 exd6 12. Bxc6 Rb8 13. Nf4 0-0 14. Qf3 Nf6 15. Nge2 Ba6 16. 0-0 Rc8 17. Rf2 Qe7 18. c3 Rxc6 19. Qxc6 Bb7 20. Qb5 Ba8 21. Rd1 Ne4 22. Rff1 Nd2 23. Rf2 Ne4 24. Rg2 bxc3 25. bxc3 Nxc3 26. Nxc3 Qxe3+ 27. Kh2 Qxc3 28. d5 Be5 29. Qd3 Qb4 30. Rf2 Rc8 31. Qf3 Qb7 32. h4 Qd7 33. Nh3 Rc4 34. Kg2 f5 35. Ng5 Rg4 36. Kf1 Rxg3 37. Qe2 Qa4 38. Nf3 Rxf3 39. Qxf3 Bb7 40. h5 Kg7 41. Rfd2 Ba6+ 42. Kg1 Qh4 43. Rc2 Kf6 44. hxg6 hxg6 45. a4 Bc4 46. Rcd2 a5 47. Qf2 Qg5+ 48. Qg2 Qe3+ 49. Kh1 Qh6+ 50. Kg1 Bf4 51. Rd3 Be3+ 52. Rxe3 Qxe3+ 53. Kh1 g5 54. Qb2+ Kg6 55. Qb8 Qf3+ 56. Kh2 Qe2+ 57. Kh3 g4+ 58. Kg3 f4+ 0-1

[Event "BL2-Nord 1617"]
[Site "Germany"]
[Date "2017.05.07"]
[Round "9.5"]
[White "Charmeteau, Sven"]
[Black "Powierski, Emil"]
[Result "1/2-1/2"]
[WhiteElo "2307"]
[BlackElo "2339"]
[PlyCount "101"]
[EventDate "2016.10.16"]
[EventType "team-tourn"]
[EventRounds "9"]
[EventCountry "GER"]
[SourceTitle "EXT 2018"]
[Source "ChessBase"]
[SourceDate "2017.10.13"]
[SourceVersion "1"]
[SourceVersionDate "2017.10.13"]
[SourceQuality "1"]
[WhiteTeam "Werder Bremen II"]
[BlackTeam "Norderstedt"]
[WhiteTeamCountry "GER"]
[BlackTeamCountry "GER"]

1. e4 c6 2. d4 d5 3. Nd2 dxe4 4. Nxe4 Bf5 5. Ng3 Bg6 6. h4 h6 7. Nf3 Nd7 8. h5 Bh7 9. Bd3 Bxd3 10. Qxd3 e6 11. Bd2 Qc7 12. 0-0-0 Ngf6 13. Ne4 0-0-0 14. g3 Nxe4 15. Qxe4 Bd6 16. c4 c5 17. Bc3 cxd4 18. Nxd4 a6 19. Rd2 Be5 20. Rhd1 Bf6 21. Kb1 Kb8 22. b3 Ka8 23. Bb2 Nb8 24. f4 Rhe8 25. Nf3 Bxb2 26. Kxb2 Nc6 27. Ne5 Nxe5 28. Qxe5 Qxe5+ 29. fxe5 Rxd2+ 30. Rxd2 Rg8 31. Rd7 g6 32. Rxf7 gxh5 33. Rf6 Rxg3 34. Rxh6 Rg5 35. Rxe6 h4 36. Rh6 Rxe5 37. Rxh4 Re2+ 38. Ka3 Ka7 39. b4 Re3+ 40. Ka4 Re5 41. c5 Re2 42. a3 Re3 43. Rh7 Kb8 44. Ka5 Ka7 45. b5 axb5 46. c6 Rxa3+ 47. Kb4 Ra4+ 48. Kxb5 Ra1 49. Rxb7+ Ka8 50. Kb6 Ra6+ 51. Kxa6 1/2-1/2

[Event "BL2-Nord 1617"]
[Site "Germany"]
[Date "2017.03.19"]
[Round "7.5"]
[White "Charmeteau, Sven"]
[Black "Heinig, Wolfram"]
[Result "0-1"]
[WhiteElo "2324"]
[BlackElo "2299"]
[PlyCount "116"]
[EventDate "2016.10.16"]
[EventType "team-tourn"]
[EventRounds "9"]
[EventCountry "GER"]
[SourceTitle "EXT 2018"]
[Source "ChessBase"]
[SourceDate "2017.10.13"]
[SourceVersion "1"]
[SourceVersionDate "2017.10.13"]
[SourceQuality "1"]
[WhiteTeam "Werder Bremen II"]
[BlackTeam "Zehlendorf"]
[WhiteTeamCountry "GER"]
[BlackTeamCountry "GER"]

1. e4 c6 2. d4 d5 3. Nd2 dxe4 4. Nxe4 Bf5 5. Ng3 Bg6 6. h4 h6 7. h5 Bh7 8. Nf3 Nd7 9. Bd3 Bxd3 10. Qxd3 e6 11. Bd2 Ngf6 12. 0-0-0 Be7 13. Kb1 0-0 14. Qe2 Qb6 15. Bc1 c5 16. Nf5 exf5 17. Qxe7 Rfe8 18. dxc5 Nxc5 19. Qd6 Qxd6 20. Rxd6 Nce4 21. Rd4 Nxf2 22. Rf1 N2e4 23. Nh4 Ng3 24. Rf3 Ne2 25. Rdd3 f4 26. Nf5 Rad8 27. Nd6 Re7 28. Nf5 Red7 29. Bxf4 Nxf4 30. Rxf4 Nxh5 31. Ne7+ Kh7 32. Rxf7 Rxd3 33. cxd3 Rd7 34. Rf5 Rxe7 35. Rxh5 Re1+ 36. Kc2 Re2+ 37. Kc3 Rxg2 38. d4 Kg6 39. Rb5 b6 40. a4 Kf6 41. a5 Rg5 42. d5 Ke5 43. axb6 axb6 44. Rxb6 Kxd5 45. Rb5+ Ke4 46. Rxg5 hxg5 47. Kd2 Kf3 48. b4 g4 49. b5 g3 50. b6 g2 51. b7 g1Q 52. b8Q Qe3+ 53. Kd1 g5 54. Qb7+ Kf2 55. Qb2+ Kg1 56. Qb4 Qf3+ 57. Ke1 Qf1+ 58. Kd2 Qf4+ 0-1